000 00450nam a2200193Ia 4500
008 101110s9999 xx 000 0 und d
041 _aHINDI
082 _bSR18308
_a891.43301009
100 _aMaheshwari Krushna
245 _aAmrutray Ka Kathasahit
365 _b60
520 _aHindi
546 _aHINDI
630 _aAmrutray Ka Kathasahit
650 _aHindi
655 _aHindi
730 _aAmrutray Ka Kathasahit
942 _cBOOK
999 _c811826
_d811823